Teoría del derecho

Uloženo v:
Podrobná bibliografie
Hlavní autor: Bodenheimer, Edgar (autor)
Médium: Kniha
Jazyk:španělština
Vydáno: Ciudad de México Fondo Cultura Económica 1964
Vydání:3a. ed
Edice:Popular, 60
Témata:
Tagy: Přidat tag
Žádné tagy, Buďte první, kdo vytvoří štítek k tomuto záznamu!

MARC

LEADER 00000nam a2200000 a 4500
001 UCS6598
003 CL-VaPUC
008 970926e19640000MX |||||||||||||||||spa|d
082 0 4 |a 340.1  |b BOD  |2 21 
100 |a Bodenheimer, Edgar  |e autor  |9 391937 
245 1 0 |a Teoría del derecho 
250 |a 3a. ed 
300 |a 418 p 
942 |c BK 
945 |d 19970926 00:00:00  |a lriquelm 
260 |a Ciudad de México  |b Fondo Cultura Económica  |c 1964 
650 0 |a Filosofía del derecho   |9 255050 
650 7 |a DERECHO  |2 CL-VaPUC  |9 391938 
650 0 |a Justicia   |9 255408 
650 7 |a DERECHO Y ESTADO  |2 CL-VaPUC  |9 256588 
650 0 |a Derecho natural   |9 255041 
650 7 |a FUERZAS POLITICAS  |2 CL-VaPUC  |9 255510 
650 0 |a Ciencia del Derecho  |9 391907 
650 0 |a Positivismo  |9 269460 
583 |a last modification  |c 19970926 00:00:00  |k Rodrigo Vera 
490 0 |a Popular, 60 
999 |c 262243  |d 262241 
952 |0 0  |1 0  |4 0  |6 340_100000000000000_BOD_1964  |7 0  |8 DER_TF  |9 290505  |a BIBDER  |b BIBDER  |d 2019-11-19  |i 1885588  |l 1  |o 340.1 BOD 1964  |p 1885588  |r 2023-01-25  |s 2020-03-17  |w 2019-11-19  |x Ubicación 4to Piso  |y BK  |z Estos recursos deben solicitarse con anticipación  |k DER 
952 |0 0  |1 0  |4 0  |6 340_100000000000000_BOD_1964  |7 0  |8 A  |9 290506  |a BIBDER  |b BIBDER  |d 2019-11-19  |i 3919471  |l 5  |o 340.1 BOD 1964  |p 3919471  |r 2023-01-25  |s 2022-08-16  |w 2019-11-19  |y BK  |k DER